A KMP jubileumán. Elméleti konferencia Szegeden
Elmentve itt :
| Dokumentumtípus: | Cikk |
|---|---|
| Megjelent: |
1978-11-24
|
| Sorozat: | Délmagyarország
68 No. 277 |
| Online Access: | http://dmarchiv.bibl.u-szeged.hu/89781 |
| LEADER | 00388nab a2200133 i 4500 | ||
|---|---|---|---|
| 001 | delm89781 | ||
| 005 | 20190513130405.0 | ||
| 008 | 190513s1978 hu o 0|| hun d | ||
| 040 | |a SZTE Délmagyarország Archívum |b hun | ||
| 041 | |a hun | ||
| 245 | 0 | 2 | |a A KMP jubileumán. Elméleti konferencia Szegeden |h [elektronikus dokumentum] |
| 260 | |c 1978-11-24 | ||
| 300 | |a 3 | ||
| 490 | 0 | |a Délmagyarország |v 68 No. 277 | |